000 01354cam a22003617a 4500
003 CHAP
005 20220329142559.0
008 020128d2001 mx d r 00110 spa d
010 _a85238
011 _a86210
035 _a96748
040 _cCHAP
090 _aTesis
100 0 0 _aMuñoz Andrade, Abel.
_979551
245 1 0 _aAgallamiento y su relación con la morfometria de las plantas de jitomate silvestre y cultivado en Chapingo, México
_c/por Abel Muñoz Andrade
260 _aChapingo, Méx. :
_bEl autor,
_c2001.
300 _a44 h. ;
_bgráfs. ; cuadros
502 _aTesis (Ing. Agr. Esp. en Parasitología Agrícola) -- UACH. Departamento de Parasitología Agrícola
590 _aALEPH
_b10
_c20130110
_lUCH01
_h1445
590 _aBATCH-UPD
_b10
_c20130110
_lUCH01
_h0400
590 _aBATCH-UPD
_b10
_c20130110
_lUCH01
_h2013
590 _aBATCH-UPD
_b10
_c20130410
_lUCH01
_h0033
590 _aBATCH-UPD
_b10
_c20130914
_lUCH01
_h1834
590 _aCONVERSION
_b10
_c20130109
_lUCH01
_h1347
650 1 4 _aNacobbus aberrans.
_980022
650 1 4 _aTomate
_xCrecimiento.
_9113702
650 1 4 _aTomate
_xPlagas.
_9113748
901 _aBK
905 _aMarco A. Mendoza T.
942 _cFOLL
949 _aTesis
_bBC
_cTES
_d33724000860607
_eTS2
_fc.2
_gDonaciØn
_h39034
_i96748
_sb
949 _aTesis
_bBC
_cTES
_d967481
_eTS1
_gDonaciØn
_h39033
_i96748
_sb
999 _c85238
_d85238